000 00753nam a2200205Ii 4500
003 JO-AjNU
008 230605s9999||||xx |||||||||||||| ||und||
017 _a89/4922
040 _aJO-AjNU
_bara
_erda
_cJO-AjNU
041 _aara
050 1 4 _aQL47.2.H5212 1989
100 3 _aهيكمان ، واخرون ؛ ترجمة ماهر خليفة ؛ مراجعة عبدالحميد حمدي ,
_eauthor
_99896
245 0 0 _aالاساسيات المتكاملة لعلم الحيوان ج4
264 3 1 _aالفاهرة :الدار العربية ، 1989
300 _a347ص
_bرسوم توضيحية
336 _atext
_btxt
_2rdacontent
337 _aunmediated
_bn
_2rdamedia
338 _avolume
_bnc
_2rdacarrier
650 4 _aعلم الحيوان
_99897
999 _aA1532
_c5100
_d5100